[Event "Kishinev ULIM Cup"]
[Site "Kishinev"]
[Date "2001.10.11"]
[Round "5"]
[White "Susterman, Lazar"]
[Black "Crivoi, Alexandr"]
[Result "1/2-1/2"]
[WhiteElo "2403"]
[BlackElo "2233"]
[PlyCount "26"]
[EventDate "2001.10.07"]
[EventType "swiss"]
[EventRounds "9"]
[EventCountry "MDA"]
[SourceTitle "EXT 2002"]
[Source "ChessBase"]
[SourceDate "2001.11.25"]
[SourceVersion "1"]
[SourceVersionDate "2001.11.25"]
[SourceQuality "1"]

1. e4 e5 2. Nf3 Nc6 3. Bb5 a6 4. Ba4 Nf6 5. Bxc6 dxc6 6. d3 Bd6 7. Nbd2 Bg4 8. h3 Bh5 9. Nc4 Nd7 10. Bd2 Qe7 11. Qe2 0-0-0 12. g4 Bg6 13. 0-0-0 Nc5 1/2-1/2